Tending the fire : the ritual men's group /

Saved in:
Bibliographic Details
Main Author: Liebman, Wayne, 1948-
Format: Book
Language:English
Published: St. Paul, MN : Ally Press, c1991.
Subjects:
LEADER 01007nam a2200289 a 4500
001 c000311489
003 CARM
005 00000000000000.0
008 910614s1991 mnu b 00010 eng
019 1 |a 8200438  |5 LACONCORD2021 
020 |a 0915408457 :  |c $7.00 
020 |a 0942301188 
035 |a (OCoLC)24065378  |5 LACONCORD2021 
050 0 0 |a HQ1090  |b .L54 1991 
082 0 0 |a 302.34  |2 20 
100 1 |a Liebman, Wayne,  |d 1948- 
245 1 0 |a Tending the fire :  |b the ritual men's group /  |c Wayne Liebman. 
260 |a St. Paul, MN :  |b Ally Press,  |c c1991. 
300 |a 57 p. ;  |c 22 cm. 
504 |a Includes bibliographical references. 
650 0 |a Men  |x Psychology. 
650 0 |a Small groups. 
650 0 |a Ritualization. 
650 0 |a Social groups  |x Case studies. 
852 8 |b CARM  |h A3:AD38B0  |i B11465  |p 0474400  |f BK 
999 f f |i e7afb0eb-1544-5869-a24d-416435a6101a  |s bd8a3dcc-19a0-5057-80dc-b078d3b4d7b1 
952 f f |p Can circulate  |a CAVAL  |b CAVAL  |c CAVAL  |d CARM 1 Store  |e B11465  |f A3:AD38B0  |h Other scheme  |i book  |m 0474400